| 000 | 01097nam a2200301 i 4500 | ||
|---|---|---|---|
| 003 | EG-GICUC | ||
| 005 | 20260121101214.0 | ||
| 008 | 251112s1955 -uk f |||| 001 0 eng d | ||
| 040 |
_aEG-GiCUC _beng _cEG-GiCUC _dEG-GiCUC _erda |
||
| 041 | 1 |
_aeng _hger |
|
| 082 | 0 | 4 |
_221 _a338.9 _bSC . T |
| 092 | 0 | 4 | _221 |
| 099 | _aLaw1 13 338.9 SC . T 1955 | ||
| 100 | 1 | _aSchumpeter , Joseph A | |
| 245 | 1 | 4 |
_aThe Theory Of Economic Development : _bAn Inquiry Into Profits, Capital, Credit, Interest, And The Business Cycle / _c By Joseph A. Schumpeter ; Translated From The German By Redvers Opie. |
| 264 | 3 |
_aCambridge : _bHarvard University Press , _c1955. |
|
| 300 |
_a255 pages ; _c24 cm. |
||
| 336 |
_2rda content _atext |
||
| 337 |
_2rda media _aComputer |
||
| 338 |
_2rda carrier _aOnline Resource |
||
| 504 | _aIncludes bibliographical references. | ||
| 546 | _aText in English | ||
| 650 | 1 | 4 | _aPublic finance and tax legislation |
| 700 | 1 |
_aOpie , Redvers _eTranslator. |
|
| 856 | 4 | 0 | _uhttps://fll.law.cu.edu.eg/fulltext/bks/B13-07326.pdf |
| 905 | _a48 | ||
| 942 |
_2ddc _cBK _e21 _n0 |
||
| 999 |
_c42834 _d42834 |
||